[Event "BCF-chT3N 1920 (4NCL)"]
[Site "England"]
[Date "2020.01.12"]
[Round "4.33"]
[White "Bimpson, Tom"]
[Black "Rita, Joao Candido"]
[Result "0-1"]
[WhiteElo "1940"]
[BlackElo "1989"]
[PlyCount "74"]
[EventDate "2019.11.09"]
[EventType "team-swiss"]
[EventRounds "11"]
[EventCountry "ENG"]
[SourceTitle "EXT 2022"]
[Source "ChessBase"]
[SourceDate "2021.10.06"]
[SourceVersion "1"]
[SourceVersionDate "2021.10.06"]
[SourceQuality "1"]
[WhiteTeam "Spirit of Atticus II"]
[BlackTeam "3C's II"]
[WhiteTeamCountry "ENG"]
[BlackTeamCountry "ENG"]

1. d4 Nf6 2. Nf3 c5 3. d5 e6 4. Bg5 Qa5+ 5. Nbd2 Nxd5 6. e4 Ne7 7. Be2 Nbc6 8. 0-0 d5 9. c3 Qc7 10. Re1 h6 11. Bh4 dxe4 12. Bg3 Qd8 13. Nxe4 Qxd1 14. Raxd1 Nf5 15. Nd6+ Nxd6 16. Bxd6 Bxd6 17. Rxd6 Ke7 18. Red1 Nd4 19. Nxd4 Kxd6 20. Nf5+ Kc7 21. Nxg7 Bd7 22. Nh5 Rad8 23. b4 Ba4 24. Rc1 Rd2 25. Bf3 Bc6 26. Bxc6 Kxc6 27. Kf1 Rhd8 28. a4 Rd1+ 29. Rxd1 Rxd1+ 30. Ke2 Ra1 31. Nf4 cxb4 32. cxb4 Rxa4 33. Nd3 Kb5 34. g4 Rxb4 35. Nxb4 Kxb4 36. h4 e5 37. h5 f6 0-1

[Event "BCF-chT3N 1819 (4NCL)"]
[Site "England"]
[Date "2019.02.10"]
[Round "6.62"]
[White "Bimpson, Tom"]
[Black "Dean, Robert A"]
[Result "1-0"]
[WhiteElo "1973"]
[BlackElo "1807"]
[PlyCount "75"]
[EventDate "2018.11.10"]
[EventType "team-swiss"]
[EventRounds "11"]
[EventCountry "ENG"]
[SourceTitle "EXT 2021"]
[Source "ChessBase"]
[SourceDate "2020.10.23"]
[SourceVersion "1"]
[SourceVersionDate "2020.10.23"]
[SourceQuality "1"]
[WhiteTeam "Spirit of Atticus II"]
[BlackTeam "Bradford DCA Knights III"]
[WhiteTeamCountry "ENG"]
[BlackTeamCountry "ENG"]

1. e4 e6 2. d3 d5 3. Nd2 c5 4. Ngf3 Nc6 5. g3 Bd6 6. Bg2 Nge7 7. 0-0 Qc7 8. Re1 0-0 9. Nh4 Bd7 10. f4 f6 11. c4 d4 12. Ndf3 Rae8 13. Qe2 Nc8 14. Rf1 a6 15. Bh3 b5 16. b3 bxc4 17. bxc4 Nb6 18. f5 Na4 19. Ne1 Nc3 20. Qg2 exf5 21. Bxf5 Bxf5 22. Nxf5 Be5 23. Qf3 Ne7 24. Nxe7+ Qxe7 25. Ng2 Rb8 26. Nf4 Bxf4 27. Bxf4 Rb2 28. Rf2 Qb7 29. Raf1 Nxa2 30. Bd6 Rc8 31. Rxb2 Qxb2 32. Qf5 Qb7 33. e5 Nc3 34. Qe6+ Kh8 35. exf6 gxf6 36. Be7 h5 37. Qxf6+ Kh7 38. Qf7+ 1-0

[Event "BCF-chT3N 1819 (4NCL)"]
[Site "England"]
[Date "2018.11.11"]
[Round "2.42"]
[White "Bimpson, Tom"]
[Black "Richardson, Alex"]
[Result "0-1"]
[WhiteElo "1973"]
[BlackElo "2131"]
[PlyCount "92"]
[EventDate "2018.11.10"]
[EventType "team-swiss"]
[EventRounds "11"]
[EventCountry "ENG"]
[SourceTitle "EXT 2021"]
[Source "ChessBase"]
[SourceDate "2020.10.23"]
[SourceVersion "1"]
[SourceVersionDate "2020.10.23"]
[SourceQuality "1"]
[WhiteTeam "Spirit of Atticus II"]
[BlackTeam "Cheddleton II"]
[WhiteTeamCountry "ENG"]
[BlackTeamCountry "ENG"]

1. e4 c5 2. d3 Nc6 3. g3 d5 4. Nd2 Nf6 5. Bg2 g6 6. Ngf3 Bg7 7. 0-0 0-0 8. c3 h6 9. Re1 b6 10. e5 Ne8 11. d4 cxd4 12. cxd4 a5 13. h4 Bf5 14. a3 Nc7 15. Nf1 Qd7 16. Be3 Rfc8 17. N3h2 a4 18. g4 Be6 19. f4 Na5 20. Qf3 Nc4 21. Ng3 f5 22. exf6 Nxe3 23. Qxe3 exf6 24. f5 gxf5 25. gxf5 Bxf5 26. Nxf5 Qxf5 27. Bh3 Qg6+ 28. Kh1 Re8 29. Qf4 Re4 30. Rxe4 Qxe4+ 31. Qxe4 dxe4 32. Bf5 Rd8 33. Rc1 Nb5 34. d5 Nd6 35. Be6+ Kh8 36. b3 axb3 37. Rb1 f5 38. Rxb3 Bd4 39. Nf1 Kg7 40. Rg3+ Kf6 41. h5 Ke5 42. Kg2 Ra8 43. Ne3 Bxe3 44. Rxe3 Nc4 45. Rc3 Kd4 46. Rc1 f4 0-1

[Event "BCF-ch Seniors 65"]
[Site "Hull"]
[Date "2018.08.02"]
[Round "5"]
[White "Bimpson, Tom"]
[Black "Friedgood, David"]
[Result "1-0"]
[WhiteElo "1988"]
[BlackElo "2188"]
[PlyCount "93"]
[EventDate "2018.07.29"]
[EventType "swiss"]
[EventRounds "7"]
[EventCountry "ENG"]
[SourceTitle "CBM 185 Extra"]
[Source "ChessBase"]
[SourceDate "2018.07.29"]
[SourceVersion "1"]
[SourceVersionDate "2018.07.29"]
[SourceQuality "1"]

1. b3 d5 2. Bb2 c5 3. e3 Nc6 4. Bb5 Qc7 5. Nf3 Nf6 6. Ne5 Bd7 7. Bxc6 Bxc6 8. f4 e6 9. 0-0 0-0-0 10. d3 d4 11. Nxc6 Qxc6 12. e4 h5 13. Nd2 e5 14. f5 Bd6 15. a4 Rdg8 16. Nc4 Bc7 17. c3 g6 18. Qf3 g5 19. b4 g4 20. Qd1 b6 21. b5 Qd7 22. Qb3 dxc3 23. Bxc3 Qxd3 24. Rad1 Qxe4 25. a5 Rd8 26. axb6 axb6 27. Rde1 Qb7 28. Bxe5 Bxe5 29. Nxe5 Qd5 30. Qa3 Nd7 31. Nc6 Qd6 32. Rd1 Qc7 33. Qa6+ Qb7 34. Qa3 Rde8 35. Na7+ Kc7 36. Qg3+ Ne5 37. Nc6 f6 38. Ra1 Ra8 39. Rxa8 Rxa8 40. Nxe5 fxe5 41. Qxe5+ Kc8 42. f6 Qf7 43. Qf5+ Kc7 44. Qf4+ Kc8 45. Qd6 Qc7 46. Qd5 Qb7 47. Qxh5 1-0

[Event "Bolton Easter op"]
[Site "Bolton"]
[Date "2018.04.01"]
[Round "5"]
[White "Bimpson, Tom"]
[Black "Mason, Donald"]
[Result "0-1"]
[WhiteElo "1985"]
[BlackElo "2120"]
[PlyCount "74"]
[EventDate "2018.03.30"]
[EventType "swiss"]
[EventRounds "5"]
[EventCountry "ENG"]
[SourceTitle "CBM 183 Extra"]
[Source "ChessBase"]
[SourceDate "2018.04.19"]
[SourceVersion "1"]
[SourceVersionDate "2018.04.19"]
[SourceQuality "1"]

1. d4 Nf6 2. Bf4 d6 3. Nf3 g6 4. Nc3 Bg7 5. e4 0-0 6. Qd2 a6 7. Bd3 c5 8. dxc5 dxc5 9. Bh6 Nc6 10. Bxg7 Kxg7 11. 0-0-0 Qa5 12. a3 Bg4 13. Qg5 h6 14. Qf4 e5 15. Nxe5 Nxe5 16. Qxe5 Rfe8 17. Qg3 Bxd1 18. Rxd1 c4 19. Bxc4 Nxe4 20. Nxe4 Rxe4 21. Bd3 Re1 22. f4 Rxd1+ 23. Kxd1 Rd8 24. Kc1 Re8 25. Kd1 Qb6 26. b3 Re3 27. Qh4 Qd4 28. Kd2 Re4 29. g3 Re6 30. Qh3 Qe3+ 31. Kc3 Qc5+ 32. Kd2 Qe3+ 33. Kc3 Qc5+ 34. Kd2 Qxa3 35. f5 Qa5+ 36. c3 Qa2+ 37. Kc1 Re1# 0-1

[Event "BCF-chT3N 1718 (4NCL)"]
[Site "England"]
[Date "2018.03.17"]
[Round "7.31"]
[White "Bimpson, Tom"]
[Black "Page, Mark"]
[Result "1-0"]
[WhiteElo "1985"]
[BlackElo "2142"]
[PlyCount "103"]
[EventDate "2017.11.11"]
[EventType "team-swiss"]
[EventRounds "11"]
[EventCountry "ENG"]
[SourceTitle "EXT 2020"]
[Source "ChessBase"]
[SourceDate "2019.10.17"]
[SourceVersion "1"]
[SourceVersionDate "2019.10.17"]
[SourceQuality "1"]
[WhiteTeam "Spirit of Atticus II"]
[BlackTeam "Warwicks Select II"]
[WhiteTeamCountry "ENG"]
[BlackTeamCountry "ENG"]

1. d4 Nf6 2. Bf4 g6 3. Nc3 d5 4. e3 Bg7 5. h4 c6 6. Be2 h6 7. Nf3 Bg4 8. Ne5 Bxe2 9. Qxe2 Nbd7 10. 0-0-0 Nxe5 11. Bxe5 b5 12. g4 a5 13. g5 Nh5 14. Bxg7 Nxg7 15. e4 b4 16. Na4 e6 17. exd5 cxd5 18. Qe5 Kf8 19. Nc5 Kg8 20. f4 h5 21. c4 bxc3 22. bxc3 Kh7 23. Kc2 Nf5 24. Rb1 Ra7 25. Rb5 Nd6 26. Rb3 Nc4 27. Qe2 Qd6 28. Rf1 a4 29. Rb4 Rb8 30. Rf3 Rb6 31. Rf2 Qb8 32. Qe1 Kg7 33. f5 exf5 34. Re2 Rxb4 35. cxb4 f4 36. Re8 Qd6 37. Kc3 Ne3 38. Qe2 a3 39. Kb3 Nf5 40. Qf2 Re7 41. Rxe7 Nxe7 42. Kxa3 Nf5 43. Kb3 Ne3 44. a4 Ng4 45. Qe2 f6 46. a5 fxg5 47. a6 Qf6 48. Ne6+ Kh7 49. a7 f3 50. Qc2 Qxe6 51. Qc7+ Kh6 52. a8Q 1-0

[Event "BCF-chT3N 1718 (4NCL)"]
[Site "England"]
[Date "2018.02.10"]
[Round "5.62"]
[White "Bimpson, Tom"]
[Black "Ye, Kevin"]
[Result "1-0"]
[WhiteElo "2016"]
[BlackElo "1483"]
[PlyCount "65"]
[EventDate "2017.11.11"]
[EventType "team-swiss"]
[EventRounds "11"]
[EventCountry "ENG"]
[SourceTitle "EXT 2020"]
[Source "ChessBase"]
[SourceDate "2019.10.17"]
[SourceVersion "1"]
[SourceVersionDate "2019.10.17"]
[SourceQuality "1"]
[WhiteTeam "Spirit of Atticus II"]
[BlackTeam "3CS Oldham III"]
[WhiteTeamCountry "ENG"]
[BlackTeamCountry "ENG"]

1. d4 d5 2. Bf4 c5 3. e3 cxd4 4. exd4 Nc6 5. c3 Nf6 6. Nf3 Bg4 7. Nbd2 e6 8. Qb3 Qc8 9. h3 Bh5 10. g4 Bg6 11. Nh4 Be7 12. Nxg6 hxg6 13. Bg2 a5 14. a4 Bd8 15. 0-0 Bc7 16. Bxc7 Qxc7 17. Nf3 Rb8 18. Rfe1 Ne4 19. c4 dxc4 20. Qxc4 Nd6 21. Qc2 Kd8 22. Rac1 Rc8 23. Qd2 Qb6 24. d5 Nb4 25. dxe6 Rxc1 26. Rxc1 Ke7 27. Qg5+ Kf8 28. Ne5 f6 29. Nd7+ Ke7 30. Qxg6 Qd8 31. Qxg7+ Kxe6 32. Nc5+ Ke5 33. Re1+ 1-0

[Event "Frodsham op"]
[Site "Frodsham"]
[Date "2018.02.03"]
[Round "2"]
[White "Jackson, Oliver A"]
[Black "Bimpson, Tom"]
[Result "1-0"]
[WhiteElo "2181"]
[BlackElo "2016"]
[PlyCount "37"]
[EventDate "2018.02.02"]
[EventType "swiss"]
[EventRounds "5"]
[EventCountry "ENG"]
[SourceTitle "CBM 182 Extra"]
[Source "ChessBase"]
[SourceDate "2018.02.23"]
[SourceVersion "1"]
[SourceVersionDate "2018.02.23"]
[SourceQuality "1"]

1. e4 d6 2. Nc3 e5 3. f4 Nf6 4. Nf3 Nbd7 5. Bc4 Be7 6. d3 c6 7. a4 Qc7 8. 0-0 Nb6 9. Bb3 Bg4 10. h3 Bxf3 11. Qxf3 h5 12. Be3 a5 13. d4 Nbd7 14. Rad1 0-0 15. g4 exd4 16. Bxd4 hxg4 17. hxg4 Nc5 18. Bxc5 dxc5 19. g5 1-0

[Event "Frodsham op"]
[Site "Frodsham"]
[Date "2018.02.02"]
[Round "1"]
[White "Bimpson, Tom"]
[Black "Camp, Imogen AL"]
[Result "1-0"]
[WhiteElo "2016"]
[BlackElo "1869"]
[PlyCount "57"]
[EventDate "2018.02.02"]
[EventType "swiss"]
[EventRounds "5"]
[EventCountry "ENG"]
[SourceTitle "CBM 182 Extra"]
[Source "ChessBase"]
[SourceDate "2018.02.23"]
[SourceVersion "1"]
[SourceVersionDate "2018.02.23"]
[SourceQuality "1"]

1. d4 d5 2. Bf4 Nf6 3. e3 e6 4. c3 c5 5. Nd2 Nc6 6. Ngf3 Be7 7. Bd3 0-0 8. Ne5 Nxe5 9. dxe5 Nd7 10. h4 b6 11. Bxh7+ Kxh7 12. Qh5+ Kg8 13. Nf3 f6 14. Ng5 fxg5 15. hxg5 Rf5 16. Qh7+ Kf8 17. g6 Ke8 18. Qxg7 Bf8 19. Qg8 Nb8 20. g4 Rxf4 21. exf4 Kd7 22. Rh7+ Kc6 23. g7 d4 24. gxf8Q Qd5 25. Qxc8+ Kb5 26. Qge8+ Ka5 27. Qb7 Qc4 28. Qxa8 dxc3 29. Qxa7+ 1-0

[Event "BCF-ch Seniors 65"]
[Site "Llandudno"]
[Date "2017.08.03"]
[Round "5"]
[White "Bimpson, Tom"]
[Black "Van Kemenade, Rudy"]
[Result "0-1"]
[WhiteElo "2038"]
[BlackElo "1985"]
[PlyCount "98"]
[EventDate "2017.07.30"]
[EventType "swiss"]
[EventRounds "7"]
[EventCountry "WLS"]
[SourceTitle "CBM 179 Extra"]
[Source "ChessBase"]
[SourceDate "2017.08.23"]
[SourceVersion "1"]
[SourceVersionDate "2017.08.23"]
[SourceQuality "1"]

1. d4 c5 2. d5 d6 3. c4 f5 4. Nc3 Nf6 5. Bf4 g6 6. e3 Bg7 7. Be2 Qa5 8. Qd2 0-0 9. h4 h6 10. Nh3 Nbd7 11. 0-0 Ne5 12. Ne4 Qc7 13. Nxf6+ exf6 14. b3 g5 15. Bxe5 fxe5 16. hxg5 hxg5 17. Nxg5 Qe7 18. Ne6 Bxe6 19. dxe6 Qxe6 20. Rad1 Rad8 21. Qd5 Qxd5 22. Rxd5 Kf7 23. a3 Ke7 24. b4 b6 25. Rfd1 e4 26. Bf1 Bb2 27. bxc5 bxc5 28. a4 Be5 29. Rb1 Rb8 30. Rxb8 Rxb8 31. f4 exf3 32. gxf3 f4 33. exf4 Bxf4 34. Rh5 Kf6 35. Rh7 a5 36. Ra7 Bd2 37. Ra6 Ke5 38. f4+ Kxf4 39. Rxd6 Be3+ 40. Kh2 Rb4 41. Ra6 Rxa4 42. Ra8 Ra2+ 43. Bg2 Bd4 44. Re8 Be5 45. Kh3 a4 46. Bc6 a3 47. Rf8+ Ke3 48. Rf3+ Kd4 49. Ba4 Rh2+ 0-1

[Event "BCF-chT2 1617 (4NCL) Promotion pool"]
[Site "England"]
[Date "2017.05.01"]
[Round "11.28"]
[White "Graham, Cassie M"]
[Black "Bimpson, Tom"]
[Result "1/2-1/2"]
[WhiteElo "1874"]
[BlackElo "2060"]
[PlyCount "130"]
[EventDate "2016.11.19"]
[EventType "team-tourn"]
[EventRounds "11"]
[EventCountry "ENG"]
[SourceTitle "EXT 2019"]
[Source "ChessBase"]
[SourceDate "2018.10.10"]
[SourceVersion "1"]
[SourceVersionDate "2018.10.10"]
[SourceQuality "1"]
[WhiteTeam "Sussex Martlets"]
[BlackTeam "Spirit of Atticus"]
[WhiteTeamCountry "ENG"]
[BlackTeamCountry "ENG"]

1. e4 d6 2. d4 Nf6 3. Nc3 Nbd7 4. Nf3 e5 5. Be2 Be7 6. 0-0 c6 7. a4 h6 8. a5 Qc7 9. Be3 Ng4 10. Bc1 Nf8 11. dxe5 dxe5 12. Ne1 Nf6 13. f4 Ne6 14. f5 Nc5 15. Bf3 Bd7 16. Qe2 0-0 17. Kh1 b5 18. Rg1 b4 19. Nd1 b3 20. c3 Bc8 21. g4 Ba6 22. Qg2 Nh7 23. Nf2 Rad8 24. Qg3 Bg5 25. Bxg5 hxg5 26. Bg2 f6 27. Qe3 Qe7 28. Bf1 Bxf1 29. Rxf1 Rd7 30. Ned3 Na6 31. Qe2 Nc5 32. Nb4 Rc8 33. Qc4+ Kh8 34. Rad1 Nf8 35. Rxd7 Nfxd7 36. Rg1 g6 37. Rg3 Kg7 38. Nfd3 gxf5 39. gxf5 Qd6 40. h4 Rh8 41. Rg4 Rxh4+ 42. Rxh4 gxh4 43. Kh2 Nxd3 44. Nxd3 Kh8 45. Kh3 Qf8 46. Nf2 Qc5 47. Qxc5 Nxc5 48. Kxh4 Nb7 49. a6 Nc5 50. Kg3 Kg7 51. Kf3 Kf7 52. Ke3 Ke7 53. Kf3 Nxa6 54. Nd3 Kd6 55. Ke3 Nc5 56. Nf2 a5 57. Kd2 Na4 58. Nd3 Nb6 59. c4 Na4 60. Kc1 c5 61. Kd2 Kc6 62. Nf2 Nxb2 63. Kc3 Nxc4 64. Kxb3 Nd2+ 65. Kc3 Nf3 1/2-1/2

[Event "BCF-chT2b 1617 (4NCL)"]
[Site "England"]
[Date "2017.02.11"]
[Round "5.57"]
[White "Bimpson, Tom"]
[Black "Starley, Robert"]
[Result "0-1"]
[WhiteElo "2099"]
[BlackElo "2045"]
[PlyCount "86"]
[EventDate "2016.11.19"]
[EventType "team-tourn"]
[EventRounds "11"]
[EventCountry "ENG"]
[SourceTitle "EXT 2019"]
[Source "ChessBase"]
[SourceDate "2018.10.10"]
[SourceVersion "1"]
[SourceVersionDate "2018.10.10"]
[SourceQuality "1"]
[WhiteTeam "Spirit of Atticus"]
[BlackTeam "Cambridge University"]
[WhiteTeamCountry "ENG"]
[BlackTeamCountry "ENG"]

1. d4 Nf6 2. Bf4 d5 3. e3 Bf5 4. c4 e6 5. Qb3 Qc8 6. Nc3 c6 7. Rc1 Nbd7 8. Nf3 h6 9. Be2 Be7 10. 0-0 0-0 11. h3 Re8 12. Ne5 Ne4 13. Nxe4 Bxe4 14. f3 Bf5 15. Bd3 Nxe5 16. Bxe5 Bxd3 17. Qxd3 Qd7 18. c5 Rad8 19. b4 f6 20. Bg3 e5 21. a4 exd4 22. exd4 f5 23. Be5 Bg5 24. f4 Bh4 25. b5 Qe6 26. g3 Qg6 27. Kh2 Be7 28. g4 Rf8 29. Rg1 Qf7 30. gxf5 Bf6 31. Rcf1 Qh5 32. bxc6 bxc6 33. Rg6 Rd7 34. Rf2 Kh8 35. Rfg2 Bxe5 36. fxe5 Rxf5 37. Rxc6 Rd8 38. Qg3 Rg5 39. Qf2 Rxg2+ 40. Kxg2 Qg5+ 41. Kh2 Rb8 42. Rc7 Qc1 43. Rxg7 Rb2 0-1

[Event "BCF-chT2b 1617 (4NCL)"]
[Site "England"]
[Date "2016.11.19"]
[Round "1.56"]
[White "Verma, Aditya"]
[Black "Bimpson, Tom"]
[Result "1-0"]
[WhiteElo "2055"]
[BlackElo "2099"]
[PlyCount "89"]
[EventDate "2016.11.19"]
[EventType "team-tourn"]
[EventRounds "11"]
[EventCountry "ENG"]
[SourceTitle "EXT 2019"]
[Source "ChessBase"]
[SourceDate "2018.10.10"]
[SourceVersion "1"]
[SourceVersionDate "2018.10.10"]
[SourceQuality "1"]
[WhiteTeam "KJCA Kings"]
[BlackTeam "Spirit of Atticus"]
[WhiteTeamCountry "ENG"]
[BlackTeamCountry "ENG"]

1. e4 d6 2. d4 Nf6 3. Nc3 Nbd7 4. Nf3 e5 5. Bc4 Be7 6. 0-0 h6 7. Re1 c6 8. a4 a5 9. h3 g5 10. dxe5 dxe5 11. g4 Qc7 12. Qe2 Nf8 13. Nh2 Ng6 14. Nf1 Nf4 15. Bxf4 gxf4 16. Rad1 Rg8 17. Kh1 h5 18. f3 hxg4 19. hxg4 Rg7 20. Nh2 Bd7 21. Rg1 0-0-0 22. Rg2 Rh8 23. Nb1 Rgh7 24. Nd2 Rh3 25. Bxf7 Kb8 26. Bg6 Rg3 27. Ndf1 Nxg4 28. Nxg3 fxg3 29. fxg4 gxh2 30. Rxh2 Rxh2+ 31. Kxh2 Bg5 32. Kg2 c5 33. b3 Bc6 34. Qd3 Be7 35. Qc4 Ka7 36. Bf5 Kb6 37. Qe6 Bg5 38. Qd6 Qg7 39. Qg6 Qe7 40. Bd7 Bf4 41. Bxc6 bxc6 42. Rd6 Qc7 43. Qe6 Qb7 44. Qd7 Qxd7 45. Rxd7 1-0

[Event "BCF-ch Seniors 65"]
[Site "Bournemouth"]
[Date "2016.07.30"]
[Round "7"]
[White "Reuben, Stewart"]
[Black "Bimpson, Tom"]
[Result "1-0"]
[WhiteElo "2033"]
[BlackElo "2066"]
[PlyCount "85"]
[EventDate "2016.07.24"]
[EventType "swiss"]
[EventRounds "7"]
[EventCountry "ENG"]
[SourceTitle "CBM 173 Extra"]
[Source "ChessBase"]
[SourceDate "2016.08.29"]
[SourceVersion "1"]
[SourceVersionDate "2016.08.29"]
[SourceQuality "1"]

1. c4 d6 2. d4 e5 3. e3 Nc6 4. Nc3 g6 5. Nf3 Bg7 6. dxe5 dxe5 7. Qxd8+ Nxd8 8. Bd2 Ne6 9. Be2 c6 10. Ne4 Nh6 11. Bb4 f5 12. Nd6+ Kd7 13. Rd1 Kc7 14. Nxc8 Kxc8 15. h4 c5 16. Bc3 Nf7 17. Rd5 Nc7 18. Rxc5 b6 19. Rxe5 Nxe5 20. Nxe5 Ne6 21. h5 Kc7 22. hxg6 hxg6 23. Rxh8 Rxh8 24. Nxg6 Rh1+ 25. Kd2 Bxc3+ 26. Kxc3 Nc5 27. f3 a5 28. Nf4 Ra1 29. a3 Rc1+ 30. Kd4 Rc2 31. b4 Nb3+ 32. Ke5 axb4 33. axb4 Nd2 34. Bd3 Rc1 35. Kd5 Rd1 36. c5 bxc5 37. bxc5 Nf1 38. Kd4 Ng3 39. Ke5 Rd2 40. Bxf5 Nxf5 41. Kxf5 Rc2 42. Ne6+ Kd7 43. g4 1-0